<?xml version="1.0" encoding="UTF-8"?>
<collection xmlns="http://www.loc.gov/MARC21/slim">
<record>
  <controlfield tag="001">164044</controlfield>
  <controlfield tag="005">20251121161351.0</controlfield>
  <datafield tag="024" ind1="7" ind2=" ">
    <subfield code="2">doi</subfield>
    <subfield code="a">10.1002/adma.202511061</subfield>
  </datafield>
  <datafield tag="024" ind1="8" ind2=" ">
    <subfield code="2">sideral</subfield>
    <subfield code="a">146307</subfield>
  </datafield>
  <datafield tag="037" ind1=" " ind2=" ">
    <subfield code="a">ART-2025-146307</subfield>
  </datafield>
  <datafield tag="041" ind1=" " ind2=" ">
    <subfield code="a">eng</subfield>
  </datafield>
  <datafield tag="100" ind1=" " ind2=" ">
    <subfield code="a">Palacios, Elías</subfield>
    <subfield code="0">(orcid)0000-0003-3567-7030</subfield>
  </datafield>
  <datafield tag="245" ind1=" " ind2=" ">
    <subfield code="a">Self‐Cooling Molecular Spin Qudits</subfield>
  </datafield>
  <datafield tag="260" ind1=" " ind2=" ">
    <subfield code="c">2025</subfield>
  </datafield>
  <datafield tag="520" ind1="3" ind2=" ">
    <subfield code="a">The need of operating molecular spin qubits at very low temperatures constitutes a technological limitation. This challenge is addressed by integrating, in the same material and at the molecular scale, quantum processing and magnetic refrigeration capabilities. The molecular unit is a [GdEr] heterolanthanide coordination complex, where Er(III) encodes a qubit while Gd(III) provides a large magnetocaloric effect. The properties of each component are separately studied in isostructural [LaEr] and [GdLu] complexes, where each functional ion lies next to a diamagnetic metal. All complexes are characterized by magnetic, heat capacity, and EPR measurements. The results show that the presence of both ions in the same molecule has a synergic effect on both functionalities. Thus, the coupling between Er(III) and Gd(III) spins lifts any level degeneracies even close to zero magnetic field, leading to a d = 16 set of spin states that, as revealed by pulse EPR measurements, can be coherently manipulated. In turn, Er(III) enhances the magnetocaloric effect compared to [GdLu], extending it to lower temperatures. This is corroborated by direct magnetocaloric measurements, which show the ability of this material to cool itself, and a device, down to temperatures as low as 0.4 K.</subfield>
  </datafield>
  <datafield tag="506" ind1="0" ind2=" ">
    <subfield code="a">Access copy available to the general public</subfield>
    <subfield code="f">Unrestricted</subfield>
  </datafield>
  <datafield tag="536" ind1=" " ind2=" ">
    <subfield code="9">info:eu-repo/grantAgreement/ES/AEI/AEI PID2022-140923NB-C21</subfield>
    <subfield code="9">info:eu-repo/grantAgreement/ES/DGA/E09-23R-QMAD</subfield>
    <subfield code="9">info:eu-repo/grantAgreement/ES/DGA/E11-23R-M4</subfield>
    <subfield code="9">info:eu-repo/grantAgreement/ES/DGA/E31-23R-PLATON</subfield>
    <subfield code="9">info:eu-repo/grantAgreement/ES/MICINN/CEX2023-001286-S</subfield>
    <subfield code="9">info:eu-repo/grantAgreement/ES/MICINN/PDC2022-133184-I00</subfield>
    <subfield code="9">info:eu-repo/grantAgreement/ES/MICINN/PID2020-1183294RB-I00</subfield>
    <subfield code="9">info:eu-repo/grantAgreement/ES/MICINN/PID2021-124734OB-C21</subfield>
    <subfield code="9">info:eu-repo/grantAgreement/ES/MICINN/PID2022-137764OB-I00</subfield>
    <subfield code="9">info:eu-repo/grantAgreement/EUR/MICINN/TED2021-129214B-I00</subfield>
    <subfield code="9">info:eu-repo/grantAgreement/EUR/MICINN/TED2021-131447B-C21</subfield>
  </datafield>
  <datafield tag="540" ind1=" " ind2=" ">
    <subfield code="9">info:eu-repo/semantics/openAccess</subfield>
    <subfield code="a">by-nc-nd</subfield>
    <subfield code="u">https://creativecommons.org/licenses/by-nc-nd/4.0/deed.es</subfield>
  </datafield>
  <datafield tag="655" ind1=" " ind2="4">
    <subfield code="a">info:eu-repo/semantics/article</subfield>
    <subfield code="v">info:eu-repo/semantics/publishedVersion</subfield>
  </datafield>
  <datafield tag="700" ind1=" " ind2=" ">
    <subfield code="a">Aguilà, David</subfield>
  </datafield>
  <datafield tag="700" ind1=" " ind2=" ">
    <subfield code="a">Gracia, David</subfield>
  </datafield>
  <datafield tag="700" ind1=" " ind2=" ">
    <subfield code="a">Maniaki, Diamatoula</subfield>
  </datafield>
  <datafield tag="700" ind1=" " ind2=" ">
    <subfield code="a">Barrios, Leoní A.</subfield>
  </datafield>
  <datafield tag="700" ind1=" " ind2=" ">
    <subfield code="a">Chiesa, Alessandro</subfield>
  </datafield>
  <datafield tag="700" ind1=" " ind2=" ">
    <subfield code="a">Martínez, Jesús I.</subfield>
    <subfield code="u">Universidad de Zaragoza</subfield>
    <subfield code="0">(orcid)0000-0002-5406-3280</subfield>
  </datafield>
  <datafield tag="700" ind1=" " ind2=" ">
    <subfield code="a">Novikov, Valentin</subfield>
  </datafield>
  <datafield tag="700" ind1=" " ind2=" ">
    <subfield code="a">Roubeau, Olivier</subfield>
    <subfield code="0">(orcid)0000-0003-2095-5843</subfield>
  </datafield>
  <datafield tag="700" ind1=" " ind2=" ">
    <subfield code="a">Carretta, Stefano</subfield>
  </datafield>
  <datafield tag="700" ind1=" " ind2=" ">
    <subfield code="a">Evangelisti, Marco</subfield>
    <subfield code="0">(orcid)0000-0002-8028-9064</subfield>
  </datafield>
  <datafield tag="700" ind1=" " ind2=" ">
    <subfield code="a">Aromí, Guillem</subfield>
  </datafield>
  <datafield tag="700" ind1=" " ind2=" ">
    <subfield code="a">Luis, Fernando</subfield>
    <subfield code="0">(orcid)0000-0001-6284-0521</subfield>
  </datafield>
  <datafield tag="710" ind1="2" ind2=" ">
    <subfield code="1">2003</subfield>
    <subfield code="2">395</subfield>
    <subfield code="a">Universidad de Zaragoza</subfield>
    <subfield code="b">Dpto. Física Materia Condensa.</subfield>
    <subfield code="c">Área Física Materia Condensada</subfield>
  </datafield>
  <datafield tag="773" ind1=" " ind2=" ">
    <subfield code="g">(2025), e11061 [7 pp.]</subfield>
    <subfield code="p">Adv. mater.</subfield>
    <subfield code="t">Advanced materials</subfield>
    <subfield code="x">0935-9648</subfield>
  </datafield>
  <datafield tag="856" ind1="4" ind2=" ">
    <subfield code="s">2160142</subfield>
    <subfield code="u">http://zaguan.unizar.es/record/164044/files/texto_completo.pdf</subfield>
    <subfield code="y">Versión publicada</subfield>
  </datafield>
  <datafield tag="856" ind1="4" ind2=" ">
    <subfield code="s">2961858</subfield>
    <subfield code="u">http://zaguan.unizar.es/record/164044/files/texto_completo.jpg?subformat=icon</subfield>
    <subfield code="x">icon</subfield>
    <subfield code="y">Versión publicada</subfield>
  </datafield>
  <datafield tag="909" ind1="C" ind2="O">
    <subfield code="o">oai:zaguan.unizar.es:164044</subfield>
    <subfield code="p">articulos</subfield>
    <subfield code="p">driver</subfield>
  </datafield>
  <datafield tag="951" ind1=" " ind2=" ">
    <subfield code="a">2025-11-21-14:25:23</subfield>
  </datafield>
  <datafield tag="980" ind1=" " ind2=" ">
    <subfield code="a">ARTICLE</subfield>
  </datafield>
</record>
</collection>